000 01296nam a2200349 i 4500
001 92554
003 FINmELB
005 20241217172126.0
006 m o u
007 cr cn|||||||||
008 240422s2015 ag a ob 000 0 spa d
020 _z9789871706365
035 _a(OCoLC)1430999007
040 _aFINmELB
_bspa
_erda
_cFINmELB
050 1 4 _aN85
_bM333 2015
080 _a7(07)
082 0 4 _a707
_223
100 1 _aMariano, Eliana,
_eautor.
245 1 0 _aDesde el arte :
_babstraccionistas y expresionistas /
_cpor Eliana Mariano.
264 1 _aBuenos Aires :
_bEditorial Nazhira,
_c2015.
300 _a1 recurso en línea (34 páginas) :
_bilustraciones
336 _atexto
_btxt
_2rdamedia/spa
337 _acomputadora
_bc
_2rdamedia/spa
338 _arecurso en línea
_bcr
_2rdacarrier/spa
504 _aContiene bibliografía.
588 _aDescripción basada en metadatos suministrados por el editor y otras fuentes.
590 _aRecurso electrónico. Santa Fe, Arg.: elibro, 2024. Disponible vía World Wide Web. El acceso puede estar limitado para las bibliotecas afiliadas a elibro.
650 4 _aArte
_xEnseñanza.
655 4 _aLibros electrónicos.
797 2 _aelibro, Corp.
856 4 0 _uhttps://elibro.net/ereader/politecnicointernacional/224433
999 _c92554
_d92554